| 000 | 00994nam a22003138i 4500 | ||
|---|---|---|---|
| 001 | 019070407 | ||
| 003 | EG-ScBUE | ||
| 005 | 20230206070311.0 | ||
| 008 | 180718s2018 enk f 000 0 eng d | ||
| 020 | _a9780008312831 (pbk.) | ||
| 040 |
_aStDuBDS _beng _erda _cStDuBDS _dEG-ScBUE |
||
| 082 | 0 | 4 |
_a158.1 _bSHA _222 |
| 100 | 1 |
_aSharma, Robin, _eauthor. |
|
| 245 | 1 | 4 |
_aThe 5AM club : _bown your morning, elevate your life / _cRobin Sharma. |
| 264 | 1 |
_aLondon : _bHarper Thorsons, _c2018. |
|
| 300 |
_a314 pages ; _c22 cm |
||
| 336 |
_atext _2rdacontent _btxt |
||
| 337 |
_aunmediated _2rdamedia _bn |
||
| 338 |
_avolume _2rdacarrier _bnc |
||
| 650 | 7 |
_aSelf-actualization (Psychology) _2BUEsh |
|
| 650 | 7 |
_aSuccess _xPsychological aspects. _2BUEsh |
|
| 650 | 7 |
_aTime management. _2BUEsh |
|
| 650 | 7 |
_aSuccess in business. _2BUEsh |
|
| 653 |
_bHHUUPPSS _cJanuary2023 |
||
| 655 | _vReading book | ||
| 776 | 0 | 8 |
_iebook version : _z9780008312855 |
| 942 |
_2ddc _cBB |
||
| 999 |
_c30088 _d30059 |
||